00800nam a2200265 4500003000400000005001700004008004100021020001500062040001800077050001600095100003200111245004200143264003800185300001800223336002200241337002400263338002400287500002400311650002800335650004500363650004000408650005400448942001500502999001700517OSt20260530115255.0260507b1983 |||ao||| |||| 001 0 eng d a0070374139 aICIbspacICI aNA2708bL481 aD. Levinson, Edward 93031010aArchitectural Rendering Fundamentals 1bMcGraw-Hillc1983aEstados Unidos a250 páginas atexto2rdacontent asin medio2rdamedia avolumen2rdacarrier aLibro de Referencia aDibujo arquitectónico aRepresentación arquitectónica930312 aPerspectiva arquitectónica930313 aArquitectura$xTécnicas de presentación930314 2lcccBKn1 c12549d12549